000 00288nam a2200109 4500
999 _c12441
_d12441
008 190125b ||||| |||| 00| 0 eng d
245 _aA legacy of good eating.
260 _aPhilippines
_bManila Bulletin
_cc2018
300 _apage C-2.
650 0 _935086
_aRestaurants.
942 _2ddc
_cPER